"Papierovačky" na úradoch dostali stopku

Od 1. septembra 2018 už nemôžu úradníci žiadať výpisy z obchodného a živnostenského registra ani z katastra nehnuteľností. Je to v súlade so zákonom proti byrokracii. Potrebné údaje budú úrady získavať z nových referenčných registrov a nových informačných portálov. Štatistky z roku 2017: počet dokla...

Descrizione completa

Salvato in:
Dettagli Bibliografici
Natura: Capitolo di libro
Lingua:slovacco
Soggetti:
Tags: Aggiungi Tag
Nessun Tag, puoi essere il primo ad aggiungerne!!

MARC

LEADER 00000naa a2200000 4500
001 0249615
005 20231108104226.4
041 0 |a slo 
044 |a SK 
245 1 0 |a "Papierovačky" na úradoch dostali stopku 
520 |a Od 1. septembra 2018 už nemôžu úradníci žiadať výpisy z obchodného a živnostenského registra ani z katastra nehnuteľností. Je to v súlade so zákonom proti byrokracii. Potrebné údaje budú úrady získavať z nových referenčných registrov a nových informačných portálov. Štatistky z roku 2017: počet dokladov vyžiadaných v papierovej forme. 
610 2 0 |a podnikanie 
610 2 0 |a byrokracia 
610 2 0 |a technológie informačné 
610 2 0 |a technológie nové 
610 2 0 |a technológie komunikačné 
610 2 0 |a podnikatelia 
610 2 0 |a administratíva 
610 2 0 |a správa verejná 
610 2 0 |a správa verejná elektronická